| 000 | 00928na a2200289 4500 | ||
|---|---|---|---|
| 001 | 21820 | ||
| 003 | MIRAKIL | ||
| 005 | 20181226092843.0 | ||
| 008 | 170215b tu n0 0 0 | ||
| 035 | _a20918 | ||
| 040 |
_aMilas _btur _cTR-AnCHP |
||
| 041 | _atur | ||
| 082 | _a050 | ||
| 090 | _a050 DER 28 | ||
| 222 | _a7 Gün | ||
| 245 |
_a7 Gün _bhaftalık siyasi hber ve aktualite dergisi |
||
| 260 | _aAnkara | ||
| 300 |
_ac. _bres. _c27 sm. |
||
| 310 | _aHaftalık | ||
| 500 | _amevcut sayılar: (s.68, c.5) 1974; (s.77,c.5) 1974; (s.100, c.7) 1974; (s.103, c.8) 1974; (s.104, c.8) 1974; (s.105, c.8) 1974; (s.106, c.8) 1974; (s.107,c.8) 1974; (s.108, c.8) 1974; (s.122, c.8) 1974 | ||
| 650 |
_aSiyaset _vSüreli yayınlar _zTürkiye |
||
| 650 |
_aAktüalite _vSüreli yayınlar |
||
| 651 |
_aTürkiye _xSiyaset ve yönetim _ySüreli yayınlar |
||
| 655 | _aDergi | ||
| 910 | _aDERGİ 28 | ||
| 942 |
_2ddc _cSER |
||
| 999 |
_c11364 _d11364 |
||